Ciencias Sociales en América Latina y el Caribe /

Spremljeno u:
Bibliografski detalji
Autori kompanije: CLACSO, ASDI
Format: Tekst
Izdano: Buenos Aires: CENEDIC. CLACSO
Oznake: Dodaj oznaku
Bez oznaka, Budi prvi tko označuje ovaj zapis!

MARC

LEADER 00000 a a2200000 04500
001 29860
003
040 |a CRAI/IIS  |c CRAI/IIS 
090 |a 194102  |b RECURSO ELECTRONICO  
110 |a CLACSO  
245 |a Ciencias Sociales en América Latina y el Caribe /  |c CLACSO  
260 |a Buenos Aires:   |b CENEDIC. CLACSO  
500 |a Debe ser instalado.También impreso Debe ser instalado.También impreso No. de acceso 145600-01  
710 |a ASDI  
999 |c 12356  |d 12356